Sports Stars by Picture and Letter -- 'H' - Statistics

General Stats
  • This quiz has been taken 84 times
  • The average score is 7 of 20
Answer Stats
Picture Hint Answer % Correct
Motor Racing : Great Britain Lewis Hamilton
89%
Association Football : Norway Erling Haaland
79%
Association Football : France Thierry Henry
76%
Tennis : Switzerland Martina Hingis
56%
Tennis : Belgium Justine Henin
55%
Tennis : Australia Lleyton Hewitt
55%
Tennis : Romania Simona Halep
42%
Cycling : Great Britain Chris Hoy
35%
Boxing : United States Marvin Hagler
31%
Figure Skating : Norway Sonja Henie
25%
Cycling : France Bernard Hinault
23%
Cricket : New Zealand Richard Hadlee
20%
Rugby Union : South Africa Bryan Habana
18%
Speed Skating : United States Eric Heiden
15%
Golf : Norway Viktor Hovland
14%
Cricket : Pakistan Inzanam-ul-Haq
11%
Cricket : Australia Travis Head
10%
Swimming : Australia Grant Hackett
8%
Boxing : United States Devin Haney
7%
Gymnastics : Japan Daiki Hashimoto
4%
No matching quizzes found
Score Distribution
Percent of People with Each Score
Percentile by Number Answered
Your Score History
You have not taken this quiz